| 000 -ლიდერი |
| ფიქსირებული სიგრძის საკონტროლო ველი |
01226nam a2200241Ia 4500 |
| 001 - საკონტროლო ნომერი |
| საკონტროლო ველი |
23089 |
| 003 - საკონტროლო ნომრის იდენტიფიკატორი |
| საკონტროლო ველი |
GE_BSU |
| 005 - ბოლო ოპერაციის თარიღი და დრო |
| საკონტროლო ველი |
20230619173731.0 |
| 008 - ფიქსირებული სიგრძის მონაცემთა ელემენტები - ზოგადი ინფორმაცია |
| ფიქსირებული სიგრძის საკონტროლო ველი |
181216s1978ge xx |||||||||||||| ||geo|| |
| 040 ## - კატალოგიზაციის წყარო |
| Transcribing agency |
GE_BSU |
| 041 ## - ენის კოდი |
| Language code of text/sound track or separate title |
geo |
| 080 ## - უნივერსალური ათობითი კლასიფიკაციის ინდექსი |
| Universal Decimal Classification number |
821.14'01-21 ე-86 |
| 100 ## - მთავარი ჩანაწერი - პიროვნების სახელი |
| Personal name |
ესქილე |
| 9 (RLIN) |
17957 |
| 245 ## - ცნობა სათაურის შესახებ |
| Title |
ტრაგედიები / |
| Statement of responsibility, etc |
ესქილე, რედ. გ. ბაქანიძე, წინასიტყვ. ესქილეს დრამები-ავტ. და ძვ. ბერძნ. მთარგმნ. გიგლა სარიშვილი |
| 264 ## - წარმოების, გამოცემის, დისტრიბუციის და სხვა ცნობები |
| გამოცემის, წარმოების, დისტრიბუციის... ადგილი |
თბილისი : |
| გამოცემის, წარმოების, დისტრიბუციის... სახელწოდება |
მერანი, |
| გამოცემის, წარმოების, დისტრიბუციის... თარიღი |
1978. |
| 300 ## - ფიზიკური აღწერა |
| Extent |
376 გვ. ; |
| Other physical details |
21 სმ. |
| 546 ## - LANGUAGE NOTE |
| Language note |
პარალ. სათ. ინგლ. ენ. |
| 653 ## - INDEX TERM--UNCONTROLLED |
| Uncontrolled term |
მავედრებელნი. სპარსელები. შვიდთა ლაშქრობა თემებზე. მიჯაჭვული პრომეთე. |
| 653 ## - INDEX TERM--UNCONTROLLED |
| Uncontrolled term |
ტრაგედიები |
| 700 ## - ADDED ENTRY--PERSONAL NAME |
| Personal name |
ბაქანიძე, გ |
| Relator term |
რედაქტორი |
| 9 (RLIN) |
18815 |
| 700 ## - ADDED ENTRY--PERSONAL NAME |
| Personal name |
სარიშვილი, გიგლა |
| Relator term |
მთარგმნელი |
| 9 (RLIN) |
17472 |
| 942 ## - ADDED ENTRY ELEMENTS (KOHA) |
| Koha item type |
წიგნი |
| Source of classification or shelving scheme |
|